000 01624nas a2200277Ia 4500
001 R200-R1647
003 IT-CnALBA
008 170116c99999999xx |||||||||||| ||und||
040 _aIT-CnALBA
_cIT-CnALBA
041 _aITALIANO
100 _aGIRAUDO CESARE, SJ.
210 _aRASSEGNA DI TEOLOGIA
222 _aRASSEGNA DI TEOLOGIA
245 0 _aRASSEGNA DI TEOLOGIA. N. II. ANNO XXXII. MARZO APRILE 1991. RIVISTA DI TEOLOGIA E SCIENZE UMANE.
_b RIVISTA DI TEOLOGIA E SCIENZE UMANE
250 _a1a ed.
260 _aROMA
_bAVE, ANONIMA VERITA'S EDITRICE
_c1991
300 _a110 p.
310 _aBIMESTRALE
362 _aFascicolo: 2 / Anno: 32 (1991)
500 _aCROCE LEGNO DELLA RELAZIONE. STORIA E METAFISICA, RADICI RELIGIOSE DELLA FILOSOFIA DELLA STORIA DI ERNST TROELTSCH. LIBERTÀ DI COSCIENZA. MINISTERO DELLA DONNA. MARIA SORELLA NOSTRA. FORUM ATI, ASSOCIAZIONE TEOLOGICA ITALIANA, ANTROPOCENTRISMO CRISTIANO, NATURA DELL'UOMO. RECENSIONI. BIBLIOGRAFIA. MARRA B. TADDEI FERRETTI C. CAPORALE V. GALANTINO N. CATTANEO E.
501 _aSocietà San Paolo EM - Piazza San Paolo, 14 - 12051 ALBA (CN) (non commercial uses only) ® Copyright 2017
520 _aCROCE LEGNO DELLA RELAZIONE. STORIA E METAFISICA, RADICI RELIGIOSE DELLA FILOSOFIA DELLA STORIA DI ERNST TROELTSCH. LIBERTÀ DI COSCIENZA. MINISTERO DELLA DONNA. MARIA SORELLA NOSTRA. FORUM ATI, ASSOCIAZIONE TEOLOGICA ITALIANA, ANTROPOCENTRISMO CRISTIANO, NATURA DELL'UOMO. RECENSIONI. BIBLIOGRAFIA. MARRA B. TADDEI FERRETTI C. CAPORALE V. GALANTINO N. CATTANEO E.
650 _aTEOLOGIA - SCIENZE UMANE
942 _cCR
957 _71
999 _a11625
_bNO
_g1
_c319722
_d319722